El Tribunal de Cuentas en España / (Record no. 146393)

MARC details
000 -LEADER
campo de control de longitud fija 01030nam a2200277 i 4500
001 - NÚMERO DE CONTROL
campo de control 146393
003 - IDENTIFICADOR DE NÚMERO DE CONTROL
campo de control ES-MaACL
005 - FECHA Y HORA DE LA ÚLTIMA TRANSACCIÓN
campo de control 20230906201522.0
007 - CAMPO FIJO DE DESCRIPCIÓN FÍSICA--INFORMACIÓN GENERAL
campo de control de longitud fija t|
008 - DATOS DE LONGITUD FIJA--INFORMACIÓN GENERAL
campo de control de longitud fija 070907s1982 sp ||||1| spa d
020 ## - NÚMERO INTERNACIONAL ESTÁNDAR DEL LIBRO
Número Internacional Estándar del Libro 84-7196-398-1
080 ## - NÚMERO DE LA CLASIFICACIÓN DECIMAL UNIVERSAL
Número de la Clasificación Decimal Universal 336.1.078.3(460)
110 1# - ENTRADA PRINCIPAL--NOMBRE DE ENTIDAD CORPORATIVA
Nombre de entidad corporativa o nombre de jurisdicción como elemento de entrada España.
Unidad subordinada Tribunal de Cuentas.
9 (RLIN) 4002
245 13 - MENCIÓN DEL TÍTULO
Título El Tribunal de Cuentas en España /
Mención de responsabilidad, etc. Antonio Agúndez Fernández ... [et al.] ; presentación, José Luis Gómez-Dégano.
260 ## - PUBLICACIÓN, DISTRIBUCIÓN, ETC.
Lugar de publicación, distribución, etc. Madrid :
Nombre del editor, distribuidor, etc. Instituto de Estudios Fiscales,
Fecha de publicación, distribución, etc. [1982]
300 ## - DESCRIPCIÓN FÍSICA
Extensión 2 v. ;
Dimensiones 24 cm.
490 1# - MENCIÓN DE SERIE
Mención de serie Estudios jurídicos ;
Designación de volumen o secuencia 7
594 ## - Nota al título y mención de responsabilidad
Nota al título y mención de responsabilidad Precede al tít.: Dirección General de lo Contencioso del Estado.
610 1# - PUNTO DE ACCESO ADICIONAL DE MATERIA--NOMBRE DE ENTIDAD CORPORATIVA
Nombre de entidad corporativa o nombre de jurisdicción como elemento de entrada España.
Unidad subordinada Tribunal de Cuentas.
9 (RLIN) 4002
700 1# - ENTRADA AGREGADA--NOMBRE PERSONAL
Nombre de persona Agúndez Fernández, Antonio.
9 (RLIN) 18905
700 1# - ENTRADA AGREGADA--NOMBRE PERSONAL
Nombre de persona Gómez-Dégano y Ceballos-Zúñiga, José Luis.
9 (RLIN) 57927
710 1# - ENTRADA AGREGADA--NOMBRE DE ENTIDAD CORPORATIVA
Nombre de entidad corporativa o nombre de jurisdicción como elemento de entrada Instituto de Estudios Fiscales (España)
9 (RLIN) 169207
830 1# - PUNTO DE ACCESO ADICIONAL DE SERIE-TÍTULO UNIFORME
Título uniforme Estudios jurídicos ;
Designación de volumen o secuencia 7
9 (RLIN) 183446
852 ## - LOCALIZACIÓN
Ubicación ES-MaACL
Número de control de estantería L-3588-89
Holdings
Estatus retirado Estado de pérdida Estado de daño No para préstamo Biblioteca de origen Biblioteca actual Ubicación en estantería Fecha de adquisición Fuente de adquisición Total de préstamos Signatura topográfica completa Código de barras Visto por última vez Precio de reemplazo Tipo de ítem Koha
        Biblioteca del Ateneo de Madrid Biblioteca del Ateneo de Madrid Depósito 2 17/01/2008     L-3588-89 1152795 23/02/2023 23/02/2023 Libro impreso